Mater et magistra : Encíclica de S.S Juan XXIII sobre el reciente desarrollo de la cuestión social.

Guardado en:
Autor Corporativo: Iglesia Católica. Papa (1958-1963 : Juan XXIII)
Formato: Libro
Idioma:Spanish
Publicado: Buenos Aires : Ediciones Paulinas, [1981]
Edición:7a. ed.
Materias:
Etiquetas: Agregar Etiqueta
Sin Etiquetas, Sea el primero en etiquetar este registro!
LEADER 00817nam a22002295 4500
001 EAD.ead002141
008 080718s1981####ag############000#0#spa#d
005 20230516115607.0
245 1 0 |a Mater et magistra :  |b Encíclica de S.S Juan XXIII sobre el reciente desarrollo de la cuestión social. 
250 |a 7a. ed. 
260 |a Buenos Aires :  |b Ediciones Paulinas,  |c [1981] 
300 |a 99 p. ;  |c 15 cm. 
110 2 |a Iglesia Católica.  |b Papa (1958-1963 : Juan XXIII) 
082 0 4 |a 262.91  |2 21 
650 7 |a Encíclicas.  |2 unbist 
650 7 |a Trabajo.  |2 unbist 
650 7 |a Desarrollo económico.  |2 unbist 
650 7 |a Desarrollo social.  |2 unbist 
650 7 |a Socialización.  |2 unbist 
650 7 |a Justicia.  |2 unbist 
653 |a Quadragesimo anno 
859 |a AR-BaBDC  |b BIB. ADMINISTRACION GABCOOP - Libros  |h 262.91  |i J87a7  |p g00562